Adolescent fertility and reproductive behaviour in Ghana (Record no. 69)

MARC details
000 -LEADER
fixed length control field 00533nam a2200169Ia 4500
008 - FIXED-LENGTH DATA ELEMENTS--GENERAL INFORMATION
fixed length control field 240428s9999||||xx |||||||||||||| ||und||
041 ## - LANGUAGE CODE
Language code of text/sound track or separate title fre
082 ## - DEWEY DECIMAL CLASSIFICATION NUMBER
Classification number 305.235N
100 ## - MAIN ENTRY--PERSONAL NAME
Personal name Nabila, John S. - Fayorsey, Clara
245 #0 - TITLE STATEMENT
Title Adolescent fertility and reproductive behaviour in Ghana
250 ## - EDITION STATEMENT
Edition statement (FADEP Technical series)
260 ## - PUBLICATION, DISTRIBUTION, ETC.
Name of publisher, distributor, etc. Family and Development Prog.
Place of publication, distribution, etc. Accra
Date of publication, distribution, etc. 1996
300 ## - PHYSICAL DESCRIPTION
Extent xxii,121p.:diags. graphs, tab.
650 ## - SUBJECT ADDED ENTRY--TOPICAL TERM
Topical term or geographic name entry element Adolescent Fertility - Ghana - Reproductive Behaviour - Ghana
942 ## - ADDED ENTRY ELEMENTS (KOHA)
Koha item type Books
Holdings
Withdrawn status Lost status Damaged status Not for loan Home library Current library Shelving location Date acquired Total checkouts Full call number Date last seen Copy number Price effective from Koha item type
        Main Library Main Library Open Shelves 28/07/2021   305.235N 386 C1 29/04/2024 1 29/04/2024 Books
©2026  Parliament of Ghana Library - All rights reserved